Gaming Quiz

Random Gaming or Card Games Quiz

More UNO Special Editions Quiz Stats

 Plays Quiz Updated Jun 28, 2017

Support Sporcle.
Go Orange.
Score 0/20 Timer 06:00
3 Plays Today
% Correct
Superman
99.2%
Cars 2
98.5%
Angry Birds
93.8%
Iron Man 2
91.8%
Cinderella
91.5%
Star Wars: The Force Awakens
90.6%
The Big Bang Theory
90.5%
Teenage Mutant Ninja Turtles
90.1%
Elvis Presley
89.9%
Dora the Explorer
89.1%
% Correct
Toy Story 3
89%
Peanuts
88.5%
Pirates of the Caribbean
87.7%
Despicable Me 2
86.3%
Curious George
85.6%
Betty Boop
83.6%
Ratatouille
82.6%
High School Musical
71.7%
Phineas and Ferb
66.7%
Yo Gabba Gabba!
34.5%

You're not logged in!

Compare scores with friends on all Sporcle quizzes.
OR
Log In
Forgot?

From the Vault

Apt Anagrams of the Rich and Famous

by MrChewypoo

We have to think this is all part of some sort of grand conspiracy.
Remove Ads.
Support Sporcle.
Get the best of Sporcle when you Go Orange. This ad-free experience offers more features, more stats, and more fun while also helping to support Sporcle. Thank you for becoming a member.

Show Comments

Extras

Top Quizzes Today


Score Distribution

Your Account Isn't Verified!

In order to create a playlist on Sporcle, you need to verify the email address you used during registration. Go to your Sporcle Settings to finish the process.

Report this User

Report this user for behavior that violates our Community Guidelines.

Details: